| 000 | 00369cam a22001097a 4500 | ||
|---|---|---|---|
| 008 | 180718b1956 xxu||||| |||| 00| 0 eng d | ||
| 082 | _aB81303x54 In2b/1956bc | ||
| 100 | _aWest Bengal. Legislative Council | ||
| 245 | _aDebates on the resolution on the Bihar and West Bengal (transfer of territories) bill, 1956 | ||
| 260 |
_aCalcutta _bThe author _c1956 |
||
| 300 | _a52+p. | ||
| 999 |
_c488868 _d488868 |
||